| 000 | 01398nam a22003857a 4500 | ||
|---|---|---|---|
| 001 | 2574363 | ||
| 003 | OSt | ||
| 005 | 20210423064247.0 | ||
| 008 | 960517s1994 enkab b 000 0 engo | ||
| 010 | _a 95232761 | ||
| 020 | _a090636230X | ||
| 040 |
_aMH _cMH _dDLC _beng |
||
| 041 | 1 |
_aeng _hrus |
|
| 043 | _ae-ur-gs | ||
| 050 | 0 | 4 |
_aDK679.A25 _bC48 1994 |
| 080 |
_a94 (479.22) _bC-51 |
||
| 082 | 0 | 0 |
_a947/.95 _220 |
| 100 | 1 |
_aChervonnai︠a︡, S. M. _q(Svetlana Mikhaĭlovna) |
|
| 240 | 1 | 0 |
_aAbkhazii︠a︡ 1992. _lEnglish. |
| 245 | 1 | 0 |
_aConflict in the Caucasus : _bGeorgia, Abkhazia, and the Russian shadow / _c/ by: Gothic Image Publications |
| 250 | _a1st English language edition | ||
| 260 |
_aGlastonbury, Somerset _bGothic Image Publications _c1994. |
||
| 300 |
_axxiv, 227 p. _bill., maps _c24 cm. |
||
| 365 | _b23 gbp | ||
| 440 | 0 | _aAuthentic voices | |
| 504 | _aIncludes bibliographical references (p. 187-220) and index. | ||
| 650 | 0 |
_9120 _aHistory of Georgia |
|
| 651 | 0 |
_aAbkhazia (Georgia) _xEthnic relations. |
|
| 651 | 0 |
_aAbkhazia (Georgia) _xHistory _xAutonomy and independence movements. |
|
| 653 | _aსაქართველოს ისტორია | ||
| 700 |
_9935 _aChanturia, Ariane _eTranslator |
||
| 906 |
_a7 _bcbc _corignew _d2 _encip _f19 _gy-gencatlg |
||
| 942 |
_2udc _cBK |
||
| 999 |
_c1495 _d1495 |
||